000 01766nam0a2200349 4500
001 RU\NLR\bibl\8366
005 20260407074613.0
010 _a5-073-86169-1
_91000
035 _a(NLR Aleph) 000008170
090 _a25860
_c25860
100 _a19981124d1997 |||y0rusy50 ca
101 1 _arus
102 _aRU
105 _aa |||||||||
200 1 _aКнига глаголемая Прохладный вертоград
_e[Сб.
_fРос. гос. б-ка
_gСост., предисл., вступ. ст., пер., коммент. Т.А. Исаченко]
210 _aМ.
_cАрхеогр. центр
_d1997
215 _a411 с.
_cил., факс.
_d17
320 _aУказ.: Древнерус. названия растений, их лат. и соврем. рус. соответствия: с. 382-390
320 _aСоврем. названия растений, др. лекарств. средств и их древнерус. соответствия: с.390-398
320 _aДревнерус. наименования болезней, упоминаемые в "Прохладном вертограде" и их возмож. соответствия: с. 399-409
320 _aБиблиогр. в подстроч. примеч.
606 0 _aЛечебники
_91496558
_3RU\NLR\auth\66647072
686 _aР.я97
702 1 _aИсаченко
_bТ. А.
_gТатьяна Александровна
712 0 2 _4570
_aРоссийская государственная библиотека
_3RU\NLR\AUTH\883411
_9278072
801 0 _aRU
_bNLR
_c19981124
_gPSBO
801 1 _aRU
_bNLR
_c19981124
830 _aСост. раскрыт по кн.
852 _aNLR
_j98-2/1520
942 _cBOOK
980 _aNB